Lost Ark - Raid bosses bars mechanics - Statistics

General Stats
  • This quiz has been taken 10 times
  • The average score is 21 of 82
Answer Stats
Boss name with the gate Name of the mechanic Answer % Correct
Demon Beast Legion Commander Valtan - Gate 1 2nd Orb Stagger 15
63%
Demon Beast Legion Commander Valtan - Gate 1 1st Orb Stagger 30
63%
Demon Beast Legion Commander Valtan - Gate 1 Boss Split 46
63%
Demon Beast Legion Commander Valtan - Gate 1 Fear Stagger 10
50%
Demon Beast Legion Commander Valtan - Gate 2 Wipe Assault 130
50%
Demon Beast Legion Commander Valtan - Gate 1 Summon Red Wolf 24
50%
Demon Beast Legion Commander Valtan - Gate 1 Summon Blue Wolf 39
50%
Mayhem Legion Commander Kakul-Saydon - Gate 3 Bingo! 0
38%
Phantom Legion Commander Brelshaza - Gate 6 End Orb (Hard Mode) 0
38%
Demon Beast Legion Commander Valtan - Gate 2 Cone Attack 105
38%
Mayhem Legion Commander Kakul-Saydon - Gate 1 Stagger Check 130
38%
Covetous Legion Commander Vykas - Gate 3 Typing Test 135
38%
Demon Beast Legion Commander Valtan - Gate 2 Ghost Transition 16
38%
Demon Beast Legion Commander Valtan - Gate 2 2nd Arena Break 30
38%
Demon Beast Legion Commander Valtan - Gate 2 Counter Charge 65
38%
Phantom Legion Commander Brelshaza - Gate 6 Meteor Counter (Hard Mode) 7
38%
Demon Beast Legion Commander Valtan - Gate 2 1st Arena Break 85
38%
Phantom Legion Commander Brelshaza - Gate 1 Safe Spots 85
38%
Mayhem Legion Commander Kakul-Saydon - Gate 3 Showtime! 90
38%
Covetous Legion Commander Vykas - Gate 3 Final Stagger 0
25%
Phantom Legion Commander Brelshaza - Gate 3 Scythes & Spears 0
25%
Covetous Legion Commander Vykas - Gate 3 Stagger 100
25%
Mayhem Legion Commander Kakul-Saydon - Gate 1 1st Find Saydon 110
25%
Mayhem Legion Commander Kakul-Saydon - Gate 2 Curtain of Madness 110
25%
Covetous Legion Commander Vykas - Gate 2 Color Wing Test 120
25%
Covetous Legion Commander Vykas - Gate 3 All Charm 120
25%
Covetous Legion Commander Vykas - Gate 1 Black Blue Pattern 2 13
25%
Phantom Legion Commander Brelshaza - Gate 4 Color Change 2 135
25%
Phantom Legion Commander Brelshaza - Gate 3 Meteor & Stagger 144
25%
Covetous Legion Commander Vykas - Gate 3 Swords and Clones 153
25%
Covetous Legion Commander Vykas - Gate 3 Swamp Bridge 170
25%
Phantom Legion Commander Brelshaza - Gate 6 8 Meteors 188
25%
Phantom Legion Commander Brelshaza - Gate 6 1st Tornado (Hard Mode) 212
25%
Phantom Legion Commander Brelshaza - Gate 6 1st Shape Dimension (Normal Mode) 212
25%
Phantom Legion Commander Brelshaza - Gate 6 1st Tornado (Normal Mode) 222
25%
Phantom Legion Commander Brelshaza - Gate 6 1st Shape Dimension (Hard Mode) 225
25%
Covetous Legion Commander Vykas - Gate 1 Safe Zone 25
25%
Phantom Legion Commander Brelshaza - Gate 6 Brelshaza’s End 25
25%
Phantom Legion Commander Brelshaza - Gate 6 2nd Shape Dimension 28
25%
Covetous Legion Commander Vykas - Gate 1 Party Switch 30
25%
Covetous Legion Commander Vykas - Gate 1 Black Blue Pattern (Blue Side) 37
25%
Phantom Legion Commander Brelshaza - Gate 1 Counter Mechanic 42
25%
Phantom Legion Commander Brelshaza - Gate 3 Shape Breaking 42
25%
Covetous Legion Commander Vykas - Gate 1 Orb Gates (Blue Side) 49
25%
Covetous Legion Commander Vykas - Gate 1 Party Split 52
25%
Covetous Legion Commander Vykas - Gate 3 Tentacles 55
25%
Mayhem Legion Commander Kakul-Saydon - Gate 3 4th Mario 55
25%
Phantom Legion Commander Brelshaza - Gate 4 Wipe Mechanic 3 55
25%
Mayhem Legion Commander Kakul-Saydon - Gate 1 Stagger Check 60
25%
Covetous Legion Commander Vykas - Gate 2 Red/Black Orbs 65
25%
Covetous Legion Commander Vykas - Gate 3 Swamp Bridge 2 75
25%
Covetous Legion Commander Vykas - Gate 2 Maze 80
25%
Mayhem Legion Commander Kakul-Saydon - Gate 2 Card Maze 80
25%
Mayhem Legion Commander Kakul-Saydon - Gate 3 3rd Mario 80
25%
Mayhem Legion Commander Kakul-Saydon - Gate 1 Dance Party 85
25%
Mayhem Legion Commander Kakul-Saydon - Gate 2 1st Find Kakul 95
25%
Phantom Legion Commander Brelshaza - Gate 4 Stagger Cube 1 95
25%
Phantom Legion Commander Brelshaza - Gate 3 Medusa Stagger 100
13%
Phantom Legion Commander Brelshaza - Gate 2 Safe Spots 110
13%
Phantom Legion Commander Brelshaza - Gate 5 Power Of Illusion 110
13%
Phantom Legion Commander Brelshaza - Gate 6 Worship 112
13%
Phantom Legion Commander Brelshaza - Gate 4 Wipe Mechanic 2 120
13%
Mayhem Legion Commander Kakul-Saydon - Gate 2 Giant Saydon Appears 125
13%
Mayhem Legion Commander Kakul-Saydon - Gate 3 2nd Mario 125
13%
Phantom Legion Commander Brelshaza - Gate 2 Orange Orbs 135
13%
Phantom Legion Commander Brelshaza - Gate 5 Cardinal Spots 140
13%
Mayhem Legion Commander Kakul-Saydon - Gate 3 1st Mario 153
13%
Phantom Legion Commander Brelshaza - Gate 4 Color Change 1 160
13%
Phantom Legion Commander Brelshaza - Gate 4 Wipe Mechanic 1 170
13%
Phantom Legion Commander Brelshaza - Gate 5 1st Shape Mechanic 180
13%
Phantom Legion Commander Brelshaza - Gate 4 Stagger Cube 2 20
13%
Mayhem Legion Commander Kakul-Saydon - Gate 2 2nd Find Kakul 25
13%
Mayhem Legion Commander Kakul-Saydon - Gate 1 2nd Find Saydon 30
13%
Phantom Legion Commander Brelshaza - Gate 4 Color Change 4 40
13%
Phantom Legion Commander Brelshaza - Gate 2 Dimensional Orbs 45
13%
Mayhem Legion Commander Kakul-Saydon - Gate 1 Roulette 50
13%
Phantom Legion Commander Brelshaza - Gate 5 Ordinal Spots 50
13%
Mayhem Legion Commander Kakul-Saydon - Gate 2 Pizza Pattern 55
13%
Phantom Legion Commander Brelshaza - Gate 4 Color Change 3 65
13%
Phantom Legion Commander Brelshaza - Gate 6 2nd Tornado 65
13%
Phantom Legion Commander Brelshaza - Gate 2 Stagger + Laser 85
13%
Phantom Legion Commander Brelshaza - Gate 5 2nd Shape Mechanic 90
13%
No matching quizzes found
Score Distribution
Percent of People with Each Score
Percentile by Number Answered
Your Score History
You have not taken this quiz